| 000 | 00571nam a2200193 i 4500 | ||
|---|---|---|---|
| 001 | 47679 | ||
| 003 | ES-MaACL | ||
| 005 | 20230906161617.0 | ||
| 007 | t| | ||
| 008 | 030514n18001899sp ||||1| spa d | ||
| 100 | 1 |
_aDinocourt, Théophile. _944843 |
|
| 245 | 1 | 4 |
_aUne tête mise a prix / _cpar T. Dinocourt. |
| 260 |
_aParis : _bLibrairie Théatrale, _c[18--] |
||
| 300 |
_a62 p. ; _c29 cm. |
||
| 490 | 1 | _aBibliothèque de ville et de campagne | |
| 830 | 0 |
_aBibliothèque de ville et de campagne _9230039 |
|
| 852 |
_aES-MaACL _jFol-Laf-24 |
||
| 999 |
_c47679 _d47679 |
||